<?xml version="1.0" encoding="UTF-8"?>
<record
    xmlns:xsi="http://www.w3.org/2001/XMLSchema-instance"
    xsi:schemaLocation="http://www.loc.gov/MARC21/slim http://www.loc.gov/standards/marcxml/schema/MARC21slim.xsd"
    xmlns="http://www.loc.gov/MARC21/slim">

  <leader>02350    a2200217   4500</leader>
  <controlfield tag="001">48635</controlfield>
  <controlfield tag="005">20260407155751.0</controlfield>
  <controlfield tag="008">260407a2007    arg                 spa d</controlfield>
  <controlfield tag="003">AR-UNSa-BCEJYS</controlfield>
  <datafield tag="040" ind1=" " ind2=" ">
    <subfield code="a">AR-UNSa-BCEJYS</subfield>
    <subfield code="b">spa</subfield>
    <subfield code="c">AR-UNSa-BCEJYS</subfield>
  </datafield>
  <datafield tag="080" ind1=" " ind2=" ">
    <subfield code="a">330:614</subfield>
    <subfield code="x">Econom&#xED;a de la Salud P&#xFA;blica</subfield>
  </datafield>
  <datafield tag="245" ind1="1" ind2="0">
    <subfield code="a">Ensayos de la econom&#xED;a de la salud</subfield>
  </datafield>
  <datafield tag="020" ind1=" " ind2=" ">
    <subfield code="a">978-950-9445-43-7</subfield>
  </datafield>
  <datafield tag="264" ind1=" " ind2="1">
    <subfield code="a">Buenos Aires :</subfield>
    <subfield code="b">Temas Grupo Editorial</subfield>
    <subfield code="c">2007</subfield>
  </datafield>
  <datafield tag="300" ind1=" " ind2=" ">
    <subfield code="a">367 p.</subfield>
    <subfield code="c">23 cm.</subfield>
  </datafield>
  <datafield tag="505" ind1=" " ind2=" ">
    <subfield code="a">PARTE A: Prevenci&#xF3;n de las parasitosis: 1. Econom&#xED;a de la salud: La prevenci&#xF3;n de la parasitosis como inversi&#xF3;n / del Rey, Eusebio C. - 2. Metodolog&#xED;a de c&#xE1;lculo de costos y beneficios de la prevenci&#xF3;n de la parasitosis / del Rey, Eusebio C.; Basombr&#xED;o, Miguel A. y Rojas, Carlos L. - 3. Prevenci&#xF3;n de la enfermedad de Chagas por rociado / del Rey, Eusebio C.; Basombr&#xED;o, Miguel A. y Rojas, Carlos L. - PARTE B: Salud infantil: 5. Diferencias sociales de riesgo de muerte en la infancia / Cid, Juan C. y Paz, Jorge A. - 6. An&#xE1;lisis econ&#xF3;mico del papel del hogar y de la comunidad en la determinaci&#xF3;n del estado nutricional de los ni&#xF1;os argentinos / Delajara, Marcelo; Amiune, Oscar y Bertranou, Fabio - 7. Impacto de la desnutrici&#xF3;n infantil en la educaci&#xF3;n primaria / Lled&#xF3;, Pablo - 8. La prevenci&#xF3;n de la enfermedad de Chagas cong&#xE9;nito / Rojas, Carlos L. y Basombr&#xED;o, Miguel A. - PARTE C: Demanda de servicios de atenci&#xF3;n de la salud: 9. Relaci&#xF3;n entre seguros y utilizaci&#xF3;n de servicios de la salud: Evidencia micro econom&#xE9;trica para la Argentina / Bertranou, Fabio - 10. Gastar en cuidados m&#xE9;dicos: &#xBF;Es un lujo para los montevideanos? / Rossi, M&#xE1;ximo y Triunfo, Patricia - 11. An&#xE1;lisis de la demanda de asistencia sanitaria: La utilidad del m&#xE9;dico como determinante / Temporelli, Karina L. - PARTE D: Econom&#xED;a laboral: 12. Diferencial de salarios entre instituciones p&#xFA;blicas y privadas en el sector sanitario de Tucum&#xE1;n / Casal, Mar&#xED;a del P. y Ortega Masagu&#xE9;, Carolina - 13. Estimaci&#xF3;n actualizada del costo econ&#xF3;mico en Argentina de la mortalidad atribuible al tabaco en adultos / Conte Grand, Mariana - 14. Participaci&#xF3;n econ&#xF3;mica de la poblaci&#xF3;n y salud en Argentina / Paz, Jorge.</subfield>
  </datafield>
  <datafield tag="942" ind1=" " ind2=" ">
    <subfield code="c">BK</subfield>
  </datafield>
  <datafield tag="590" ind1=" " ind2=" ">
    <subfield code="a">niveau_biblio:m niveau_hierar:0</subfield>
  </datafield>
  <datafield tag="100" ind1="1" ind2=" ">
    <subfield code="a">del Rey, Eusebio Cleto</subfield>
  </datafield>
  <datafield tag="700" ind1="1" ind2=" ">
    <subfield code="a">Paz, Jorge Augusto</subfield>
  </datafield>
  <datafield tag="999" ind1=" " ind2=" ">
    <subfield code="c">4663</subfield>
    <subfield code="d">4663</subfield>
  </datafield>
  <datafield tag="952" ind1=" " ind2=" ">
    <subfield code="0">0</subfield>
    <subfield code="1">0</subfield>
    <subfield code="4">0</subfield>
    <subfield code="7">0</subfield>
    <subfield code="a">BCEJYS</subfield>
    <subfield code="b">BCEJYS</subfield>
    <subfield code="c">16</subfield>
    <subfield code="d">2026-04-07</subfield>
    <subfield code="l">0</subfield>
    <subfield code="o">330:614 D331</subfield>
    <subfield code="p">L116660</subfield>
    <subfield code="r">2026-04-07 15:57:51</subfield>
    <subfield code="w">2026-04-07</subfield>
    <subfield code="y">L</subfield>
  </datafield>
  <datafield tag="952" ind1=" " ind2=" ">
    <subfield code="0">0</subfield>
    <subfield code="1">0</subfield>
    <subfield code="4">0</subfield>
    <subfield code="7">0</subfield>
    <subfield code="a">BCEJYS</subfield>
    <subfield code="b">BCEJYS</subfield>
    <subfield code="c">16</subfield>
    <subfield code="d">2026-04-07</subfield>
    <subfield code="l">0</subfield>
    <subfield code="o">330:614 D331</subfield>
    <subfield code="p">L116661</subfield>
    <subfield code="r">2026-04-07 15:57:51</subfield>
    <subfield code="w">2026-04-07</subfield>
    <subfield code="y">L</subfield>
  </datafield>
</record>
